<?xml version="1.0" encoding="UTF-8"?>
<record
    xmlns:xsi="http://www.w3.org/2001/XMLSchema-instance"
    xsi:schemaLocation="http://www.loc.gov/MARC21/slim http://www.loc.gov/standards/marcxml/schema/MARC21slim.xsd"
    xmlns="http://www.loc.gov/MARC21/slim">

  <leader>03215cam a22004574i 4500</leader>
  <controlfield tag="003">PE-LiUPU</controlfield>
  <controlfield tag="005">20250731165424.0</controlfield>
  <controlfield tag="008">160126s2015    pe a   grm    000 0 spa d</controlfield>
  <datafield tag="035" ind1=" " ind2=" ">
    <subfield code="a">(Sirsi) a155824</subfield>
  </datafield>
  <datafield tag="040" ind1=" " ind2=" ">
    <subfield code="a">PE-LiUPU</subfield>
    <subfield code="b">spa</subfield>
    <subfield code="c">PE-LiUPU</subfield>
    <subfield code="e">rda</subfield>
  </datafield>
  <datafield tag="099" ind1=" " ind2=" ">
    <subfield code="a">TIS 2</subfield>
    <subfield code="b">R71 2015</subfield>
  </datafield>
  <datafield tag="100" ind1="1" ind2=" ">
    <subfield code="a">Roblero P&#xE9;rez, Martha Edith</subfield>
    <subfield code="e">autor</subfield>
  </datafield>
  <datafield tag="245" ind1="1" ind2=" ">
    <subfield code="a">Desarrollo de un datamart para la evaluaci&#xF3;n de los canales digitales en la Universidad Peruana Uni&#xF3;n /</subfield>
    <subfield code="c">Martha Edith Roblero P&#xE9;rez.</subfield>
  </datafield>
  <datafield tag="264" ind1=" " ind2="0">
    <subfield code="c">2015.</subfield>
  </datafield>
  <datafield tag="300" ind1=" " ind2=" ">
    <subfield code="a">115 hojas : </subfield>
    <subfield code="b">ilustraciones;</subfield>
    <subfield code="c">30 cm</subfield>
  </datafield>
  <datafield tag="336" ind1=" " ind2=" ">
    <subfield code="a">text</subfield>
    <subfield code="2">rdacontent</subfield>
  </datafield>
  <datafield tag="337" ind1=" " ind2=" ">
    <subfield code="a">unmediated</subfield>
    <subfield code="2">rdamedia</subfield>
  </datafield>
  <datafield tag="338" ind1=" " ind2=" ">
    <subfield code="a">volume</subfield>
    <subfield code="2">rdacarrier</subfield>
  </datafield>
  <datafield tag="502" ind1=" " ind2=" ">
    <subfield code="a">Tesis</subfield>
    <subfield code="b">(Lic.) -- </subfield>
    <subfield code="c">Universidad Peruana Uni&#xF3;n,</subfield>
    <subfield code="d">2015.</subfield>
  </datafield>
  <datafield tag="504" ind1=" " ind2=" ">
    <subfield code="a">Incluye referencias</subfield>
  </datafield>
  <datafield tag="520" ind1="3" ind2=" ">
    <subfield code="a">Esta investigaci&#xF3;n tiene como prop&#xF3;sito desarrollar un Datamart para evaluar los canales digitales con los principios de la anal&#xED;tica digital mediante KPIs, y conocer el posicionamiento de la Universidad Peruana Uni&#xF3;n, la comunicaci&#xF3;n entre el cliente, proponer una estructura al Sitio Web, y mejorar el proceso de alimentaci&#xF3;n de la informaci&#xF3;n, la propuesta de valor es la de dar una herramienta para medir al usuario y evaluar el canal. La modelaci&#xF3;n de los KPI (Key perfomance Indicators) conocido tambi&#xE9;n como Indicador clave de rendimiento, retroalimantar&#xE1; la interacci&#xF3;n entre usuarios y los medios de digitales. El dise&#xF1;o de estrategia permitir&#xE1; identificar patrones basados en tendencias con respecto a los usuarios proporcionando una visi&#xF3;n de acci&#xF3;n acorde a los objetivos de la Instituci&#xF3;n el cual nos permitir&#xE1; mantener un mejor uso de los canales digitales tanto en las redes sociales como en la web de la Universidad Peruana Uni&#xF3;n. En los primeros cap&#xED;tulos se detall&#xF3; todo lo que se pretende abordar, el alcance, objetivos, limitaciones, metodolog&#xED;a, material e informaci&#xF3;n que se requiere para comprender y conocer el contexto y la realidad de la investigaci&#xF3;n. As&#xED; mismo para el cap&#xED;tulo de construcci&#xF3;n de los indicadores fue necesario realizar el cuadro de requerimientos elaborado seg&#xFA;n los objetivos de la instituci&#xF3;n, que son la base principal para el dise&#xF1;o y desarrollo de Inteligencia de Negocio (BI/Business Intelligence), que ayudar&#xE1;n a mejorar los procesos de decisi&#xF3;n en cuanto a la visibilidad y relaci&#xF3;n con el cliente. De igual manera luego de haber dise&#xF1;ado y desarrollado los indicadores sugeridos, en el &#xFA;ltimo cap&#xED;tulo se visualizara los reportes arrojados que ser&#xE1; de gran ayuda para la toma de decisiones para los gerentes de la instituci&#xF3;n.</subfield>
  </datafield>
  <datafield tag="526" ind1=" " ind2=" ">
    <subfield code="a">SEG44</subfield>
  </datafield>
  <datafield tag="526" ind1=" " ind2=" ">
    <subfield code="a">SEG26</subfield>
  </datafield>
  <datafield tag="526" ind1=" " ind2=" ">
    <subfield code="a">P151</subfield>
  </datafield>
  <datafield tag="526" ind1=" " ind2=" ">
    <subfield code="a">P150</subfield>
  </datafield>
  <datafield tag="526" ind1=" " ind2=" ">
    <subfield code="a">P149</subfield>
  </datafield>
  <datafield tag="526" ind1=" " ind2=" ">
    <subfield code="a">P146</subfield>
  </datafield>
  <datafield tag="526" ind1=" " ind2=" ">
    <subfield code="a">P145</subfield>
  </datafield>
  <datafield tag="526" ind1=" " ind2=" ">
    <subfield code="a">P126</subfield>
  </datafield>
  <datafield tag="526" ind1=" " ind2=" ">
    <subfield code="a">P125</subfield>
  </datafield>
  <datafield tag="526" ind1=" " ind2=" ">
    <subfield code="a">P92</subfield>
  </datafield>
  <datafield tag="526" ind1=" " ind2=" ">
    <subfield code="a">P75</subfield>
  </datafield>
  <datafield tag="526" ind1=" " ind2=" ">
    <subfield code="a">P74</subfield>
  </datafield>
  <datafield tag="526" ind1=" " ind2=" ">
    <subfield code="a">P27</subfield>
  </datafield>
  <datafield tag="526" ind1=" " ind2=" ">
    <subfield code="a">P15</subfield>
  </datafield>
  <datafield tag="610" ind1="0" ind2="4">
    <subfield code="a">Universidad Peruana Uni&#xF3;n</subfield>
    <subfield code="x">Innovaciones tecnol&#xF3;gicas</subfield>
  </datafield>
  <datafield tag="700" ind1="1" ind2=" ">
    <subfield code="a">Cruz Ant&#xF3;n, Flor Mar&#xED;a</subfield>
    <subfield code="e">autor</subfield>
  </datafield>
  <datafield tag="596" ind1=" " ind2=" ">
    <subfield code="a">1</subfield>
  </datafield>
  <datafield tag="942" ind1=" " ind2=" ">
    <subfield code="2">ddc</subfield>
    <subfield code="c">TESIS</subfield>
  </datafield>
  <datafield tag="999" ind1=" " ind2=" ">
    <subfield code="a">TIS 2 R71 2015</subfield>
    <subfield code="w">ALPHANUM</subfield>
    <subfield code="c">8501</subfield>
    <subfield code="i">T01891</subfield>
    <subfield code="l">CCODEBUL3</subfield>
    <subfield code="m">BUL</subfield>
    <subfield code="r">1</subfield>
    <subfield code="s">Y</subfield>
    <subfield code="t">TESIS</subfield>
    <subfield code="u">2016-1-26</subfield>
    <subfield code="x">INGENIERIA</subfield>
    <subfield code="P">P27</subfield>
    <subfield code="o">.STAFF. Tesis</subfield>
    <subfield code="d">8501</subfield>
  </datafield>
  <datafield tag="980" ind1=" " ind2=" ">
    <subfield code="8">1</subfield>
    <subfield code="g">ALBERTO SANCHEZ Responsable de Automatizaci&#xF3;n</subfield>
  </datafield>
  <datafield tag="952" ind1=" " ind2=" ">
    <subfield code="r">2022-07-06 00:00:00</subfield>
    <subfield code="l">0</subfield>
    <subfield code="o">TIS 2 R71 2015</subfield>
    <subfield code="p">T01891</subfield>
    <subfield code="t">e1</subfield>
    <subfield code="w">2016-01-26</subfield>
    <subfield code="x">FIA</subfield>
    <subfield code="y">TESIS</subfield>
    <subfield code="z">Este &#xCD;tem NO se presta por ser Ejemplar #1.</subfield>
    <subfield code="1">0</subfield>
    <subfield code="2">ddc</subfield>
    <subfield code="7">1</subfield>
    <subfield code="8">TESIS</subfield>
    <subfield code="f">P27</subfield>
    <subfield code="a">BUL</subfield>
    <subfield code="b">BUL</subfield>
    <subfield code="c">TESIS</subfield>
    <subfield code="d">2016-01-26</subfield>
  </datafield>
</record>
